000 00701 a2200193 4500
020 _a0074706535
020 _a9780074706534
090 _c1315
_d1315
100 1 _aWaller, David.
245 1 0 _aHow to prepare a promotional plan /
_cDavid Waller.
260 _a[S.l.] :
_bMcGraw-Hill Australia,
_c1998.
300 _a1 v. (unpaged)
490 1 _aResearch in social problems & public policy.
500 _aPaperback.
830 0 _aResearch in social problems & public policy.
856 4 0 _3Amazon.com
_uhttp://www.amazon.com/exec/obidos/ASIN/0074706535/chopaconline-20
856 4 0 _3Amazon customer reviews
_uhttp://www.chopac.org/cgi-bin/tools/azrev.pl?q=0074706535
942 _aNBS
_cBK
_k658.802
999 _c343838
_d343838